| 000 | 00687nam a2200229 a 4500 | ||
|---|---|---|---|
| 005 | 20241107063727.0 | ||
| 008 | 991125s1986 bar 000 0 spa u | ||
| 020 | _a8427010141 | ||
| 035 | _aUPN01000052659 | ||
| 049 | _aCG | ||
| 050 | 4 |
_aHV553 _bC6.88 |
|
| 100 | 1 | _aCosta, Miguel | |
| 245 | 1 | 0 |
_aSalud comunitaria / _cMiguel Costa, Ernesto López. |
| 260 |
_aBarcelona, Esp. : _bMartínez Roca, _c1986. |
||
| 300 | _a235 p. | ||
| 440 | 0 | _aBiblioteca de psicología, psiquiatría y salud | |
| 650 | 4 |
_aComunidad, Vida de _911476 |
|
| 650 | 2 |
_aSalud pública _96078 |
|
| 650 | 4 |
_aSERVICIOS DE SALUD PARA LA COMUNIDAD _914939 |
|
| 700 | 1 |
_aLópez, Ernesto, _ecoaut. |
|
| 905 | _aLibro | ||
| 999 |
_c52659 _d52659 |
||